Statistics for Biggest New England Ski Areas

Click here to take the quiz!

General Stats

  • This quiz has been taken 58 times
  • The average score is 9 of 15

Answers on the Map

Answers color-coded by a green-red scale on the quiz's map according to % correct below.
 

Answer Stats

ResortStateDrop (ft)% Correct
KillingtonVT3050
85%
StoweVT2360
79%
Jay PeakVT2153
69%
LoonNH2109
69%
Sunday RiverME2340
69%
OkemoVT2100
67%
SugarloafME2820
67%
StrattonVT2003
65%
Smugglers' NotchVT2610
63%
SugarbushVT2650
58%
CannonNH2180
54%
Waterville ValleyNH2020
52%
WildcatNH2112
52%
Mad River GlenVT2000
50%
BurkeVT2011
42%

Score Distribution

Percentile by Number Answered

Percent of People with Each Score

Your Score History

You have not taken this quiz